| Tag |
First Indicator |
Second Indicator |
Subfields |
| LEADER |
00000cam a2200000Ka 4500 |
| 001 |
in00003501621 |
| 006 |
m o d |
| 007 |
cr bn||||||abp |
| 007 |
cr bn||||||ada |
| 008 |
100703s1992 nyua ob 001 0 eng d |
| 005 |
20260421165145.3 |
| 019 |
|
|
|a 608988000
|
| 020 |
|
|
|a 9781489923530 (electronic bk.)
|
| 020 |
|
|
|a 1489923535 (electronic bk.)
|
| 020 |
|
|
|z 0306442620
|
| 020 |
|
|
|z 9780306442629
|
| 035 |
|
|
|a (OCoLC)645832183
|z (OCoLC)608988000
|
| 040 |
|
|
|a OCLCE
|b eng
|e pn
|c OCLCE
|d OCLCQ
|d GW5XE
|d OCLCQ
|d OCLCF
|d UtOrBLW
|
| 042 |
|
|
|a dlr
|
| 049 |
|
|
|a TXAM
|
| 050 |
|
4 |
|a QC176.84.O7
|b S65 1992
|
| 082 |
0 |
4 |
|a 530.4/275
|2 20
|
| 084 |
|
|
|a 33.61
|2 bcl
|
| 084 |
|
|
|a 33.03
|2 bcl
|
| 084 |
|
|
|a 35.90
|2 bcl
|
| 084 |
|
|
|a UP 7500
|2 rvk
|
| 084 |
|
|
|a UP 7800
|2 rvk
|
| 084 |
|
|
|a UQ 5500
|2 rvk
|
| 100 |
1 |
|
|a Spence, John C. H.
|
| 245 |
1 |
0 |
|a Electron microdiffraction /
|c J.C.H. Spence and J.M. Zuo.
|
| 264 |
|
1 |
|a New York :
|b Plenum Press,
|c [1992]
|
| 264 |
|
4 |
|c ©1992
|
| 300 |
|
|
|a 1 online resource (xxiv, 358 pages) :
|b illustrations
|
| 336 |
|
|
|a text
|b txt
|2 rdacontent
|
| 337 |
|
|
|a computer
|b c
|2 rdamedia
|
| 338 |
|
|
|a online resource
|b cr
|2 rdacarrier
|
| 504 |
|
|
|a Includes bibliographical references and index.
|
| 538 |
|
|
|a Master and use copy. Digital master created according to Benchmark for Faithful Digital Reproductions of Monographs and Serials, Version 1. Digital Library Federation, December 2002.
|u http://purl.oclc.org/DLF/benchrepro0212
|5 MiAaHDL
|
| 583 |
1 |
|
|a digitized
|c 2010
|h HathiTrust Digital Library
|l committed to preserve
|2 pda
|5 MiAaHDL
|
| 520 |
|
|
|a This comprehensive and practical book offers a concise summary of the current theory and practice of this important microscopy technique. An extensive listing of materials is included as well as several FORTRAN programs and the PostScript code to allow printing of Holz line patterns on a laser printer. The readable text makes this volume valuable for both researchers and graduate students.
|
| 588 |
|
|
|a Description based on print version record.
|
| 500 |
|
|
|a Electronic resource.
|
| 650 |
|
0 |
|a Thin films
|x Optical properties.
|
| 650 |
|
0 |
|a Crystal optics.
|
| 650 |
|
0 |
|a Electrons
|x Diffraction.
|
| 650 |
|
0 |
|a Solid state physics.
|
| 650 |
|
0 |
|a Solid state chemistry.
|
| 650 |
1 |
7 |
|a Elektronendiffractie.
|2 gtt
|
| 650 |
1 |
7 |
|a Dunne films.
|2 gtt
|
| 650 |
|
7 |
|a Couches minces
|x Propriétés optiques.
|2 ram
|
| 650 |
|
7 |
|a Optique cristalline.
|2 ram
|
| 650 |
|
7 |
|a Électrons
|x Diffraction.
|2 ram
|
| 650 |
|
7 |
|a Physique de l'état solide.
|2 ram
|
| 650 |
|
7 |
|a Chimie de l'état solide.
|2 ram
|
| 650 |
0 |
7 |
|a Dünne Schicht.
|2 swd
|
| 650 |
0 |
7 |
|a Elektronenstreuung.
|2 swd
|
| 650 |
0 |
7 |
|a Kristalloptik.
|2 swd
|
| 650 |
0 |
7 |
|a Optische Eigenschaft.
|2 swd
|
| 650 |
|
7 |
|a Crystal optics.
|2 fast
|0 (OCoLC)fst00884628
|
| 650 |
|
7 |
|a Electrons
|x Diffraction.
|2 fast
|0 (OCoLC)fst00907646
|
| 650 |
|
7 |
|a Solid state chemistry.
|2 fast
|0 (OCoLC)fst01125442
|
| 650 |
|
7 |
|a Solid state physics.
|2 fast
|0 (OCoLC)fst01125456
|
| 650 |
|
7 |
|a Thin films
|x Optical properties.
|2 fast
|0 (OCoLC)fst01150034
|
| 653 |
0 |
|
|a Crystals
|a Electron microscopy
|
| 655 |
|
7 |
|a Electronic books.
|2 local
|
| 700 |
1 |
|
|a Zuo, J. M.
|
| 710 |
2 |
|
|a SpringerLink (Online service)
|
| 776 |
1 |
8 |
|i Print version:
|w (DLC) 92033963
|w (OCoLC)26634670
|
| 856 |
4 |
0 |
|u http://proxy.library.tamu.edu/login?url=https://link.springer.com/10.1007/978-1-4899-2353-0
|z Connect to the full text of this electronic book
|t 0
|
| 994 |
|
|
|a 92
|b TXA
|
| 999 |
|
|
|a MARS
|
| 999 |
f |
f |
|s c2737c83-458b-32f6-b540-6cc5463a4625
|i 7f57bdb2-eb8b-3307-85c4-cf342559d900
|t 0
|
| 952 |
f |
f |
|a Texas A&M University
|b College Station
|c Electronic Resources
|s www_evans
|d Available Online
|t 0
|e QC176.84.O7 S65 1992
|h Library of Congress classification
|
| 998 |
f |
f |
|a QC176.84.O7 S65 1992
|t 0
|l Available Online
|